Kicsi világ [novella] /
Elmentve itt :
| Szerző: | |
|---|---|
| Dokumentumtípus: | Cikk |
| Megjelent: |
1972
|
| Sorozat: | Tiszatáj
26 No. 3 |
| Kulcsszavak: | Magyar irodalom - novella |
| Online Access: | http://tiszataj.bibl.u-szeged.hu/7261 |
| LEADER | 00565nab a2200181 i 4500 | ||
|---|---|---|---|
| 001 | tisza7261 | ||
| 005 | 20200330131920.0 | ||
| 008 | 170427s1972 hu o 0|| hun d | ||
| 022 | |a 0133-1167 | ||
| 040 | |a SZTE Tiszatáj Archívum |b hun | ||
| 041 | |a hun | ||
| 100 | 1 | |a Tóth Béla | |
| 245 | 1 | 0 | |a Kicsi világ |h [elektronikus dokumentum] : |b [novella] / |c Tóth Béla |
| 260 | |c 1972 | ||
| 300 | |a 10-25 | ||
| 490 | 0 | |a Tiszatáj |v 26 No. 3 | |
| 695 | |a Magyar irodalom - novella | ||
| 856 | 4 | 0 | |u http://tiszataj.bibl.u-szeged.hu/7261/1/tiszataj_1972_003_010-025.pdf |z Dokumentum-elérés |